Geography starting in B, with second letters A-Z - Statistics

General Stats
  • This quiz has been taken 30 times
  • The average score is 7 of 26
Answer Stats
2nd letter Clue Answer starting with B % Correct
A English city known for its Roman cleaning facilities (4 letters) Bath
97%
E The capital city of China (7) Beijing
93%
O American city where a nice cuppa can be enjoyed (6) Boston
69%
R Large country, and Terry Gilliam film (6) Brazil
66%
H Indian city infamous for the 1984 Union Carbide chemical leak (6) Bhopal
59%
I The capital of Kyrgyzstan (7) Bishkek
59%
U African country (11) Burkina Faso
59%
L Lancashire seaside resort famous for its tower (10) Blackpool
52%
X The airport code for Balkhash in Kazakhstan (3) BXH
34%
F Code in British army addresses, an abbreviation for a mail building (4) BFPO
21%
P Californian mountain, so-called because the name Apex Peak had already been used (8) Bpex Peak
17%
C Village in Lebanon charred until one end is wiped out (7) Bcharré
10%
D Weird bad mother of Syrian village (5) Bdama
10%
N Israeli city where I hit the brake; one end comes detached and finishes right in front of me (8) Bnei Brak
10%
W In the morning, graduate phoned; we built a commune in Burundi (13) Bwambarangwe
10%
S Beirut suburb where the mail gets mixed up (6) Bsalim
10%
B A type of beer served up a hill in Uganda (6) Bbaale
7%
G Residential block in Delhi with a number of addresses (3) BG-3
7%
J Swedish place where vole runs back followed by rat with no tail (8) Bjelovar
7%
K Lebanese church sheltering jerk with no head - that'll be the end of me (6) Bkerké
7%
M The sound of realisation as beam of light arrives at Lebanese village (7) Bmahray
7%
Q Area a ticket hawker frequents, in a village of Lebanon (9) Bqaatouta
7%
T Lebanese village, for example, has manpower department in the East (9) Bteghrine
7%
V Exoskeleton removed in lumbar operation performed in mountain range of E. Zimbabwe (15) Bvumba Mountains
7%
Y High-speed boats in Surrey village (7) Byfleet
7%
Z Chord and note given copyright in Czech town (6) Bzenec
7%
No matching quizzes found
Score Distribution
Percent of People with Each Score
Percentile by Number Answered
Your Score History
You have not taken this quiz